| 000 | 00000nas 2200000za 4500 |
| 001 | 9.846031 |
| 003 | CaOODSP |
| 005 | 20221107153113 |
| 007 | cr ||||||||||| |
| 008 | 171024d18681868oncar pso f0###a0eng|d |
| 040 | |aCaOODSP|beng |
| 043 | |an-cn--- |
| 086 | 1 |aR1-83E-PDF |
| 110 | 1 |aCanada.|bSecretary of State.|bIndian Branch. |
| 245 | 10|aAnnual report of the Secretary of State for the year ... |h[electronic resource] / |c[Indian Branch]. |
| 246 | 16|aAnnual report |
| 260 | |aOttawa : |bPrinted by Hunter, Rose & Co., |c1869. |
| 310 | |aAnnual |
| 500 | |aTranscript of original print publication. |
| 500 | |a"Printed by order of Parliament." |
| 500 | |aCover title. |
| 692 | 07|2gccst|aAboriginal affairs |
| 780 | 00|tIndian Affairs, Province of Canada |w(CaOODSP)9.845991 |
| 785 | 00|tReport of the Secretary of State of Canada, for the year ending on the 30th June ... |w(CaOODSP)9.846049 |